The dwarfs : (Record no. 328647)

000 -LEADER
fixed length control field 00998cam a2200253 a 4500
001 - CONTROL NUMBER
control field 14521227
003 - CONTROL NUMBER IDENTIFIER
control field Nust
005 - DATE AND TIME OF LATEST TRANSACTION
control field 20170412163917.0
008 - FIXED-LENGTH DATA ELEMENTS--GENERAL INFORMATION
fixed length control field 060826s1999 nyu 000 d eng d
010 ## - LIBRARY OF CONGRESS CONTROL NUMBER
LC control number 2006471077
020 ## - INTERNATIONAL STANDARD BOOK NUMBER
International Standard Book Number 0822217333 (pbk.)
035 ## - SYSTEM CONTROL NUMBER
System control number (OCoLC)ocm45145113
040 ## - CATALOGING SOURCE
Original cataloging agency IHC
Transcribing agency IHC
Modifying agency OCLCQ
-- BAKER
-- DLC
042 ## - AUTHENTICATION CODE
Authentication code lccopycat
050 00 - LIBRARY OF CONGRESS CALL NUMBER
Classification number PR6066.I53
Item number D83 1999
082 00 - DEWEY DECIMAL CLASSIFICATION NUMBER
Classification number 822.914 PIN
Edition number 22
100 1# - MAIN ENTRY--PERSONAL NAME
Personal name Pinter, Harold,
Dates associated with a name 1930-2008.
245 14 - TITLE STATEMENT
Title The dwarfs :
Remainder of title and nine revue sketches /
Statement of responsibility, etc. by Harold Pinter.
260 ## - PUBLICATION, DISTRIBUTION, ETC.
Place of publication, distribution, etc. New York :
Name of publisher, distributor, etc. Dramatists Play Service,
Date of publication, distribution, etc. c1999.
300 ## - PHYSICAL DESCRIPTION
Extent 52 p. ;
Dimensions 20 cm.
505 00 - FORMATTED CONTENTS NOTE
Formatted contents note The dwarfs -- Trouble in the works -- The black and white -- Request stop -- Last to go -- Applicant -- Interview -- That's all -- That's your trouble -- The new world order.
906 ## - LOCAL DATA ELEMENT F, LDF (RLIN)
a 7
b cbc
c copycat
d 2
e ncip
f 20
g y-gencatlg
942 ## - ADDED ENTRY ELEMENTS (KOHA)
Source of classification or shelving scheme
Koha item type Book
Holdings
Withdrawn status Lost status Source of classification or shelving scheme Damaged status Not for loan Permanent Location Current Location Date acquired Total Checkouts Full call number Barcode Date last seen Date last checked out Price effective from Koha item type
          School of Civil and Environmental Engineering (SCEE) School of Civil and Environmental Engineering (SCEE) 04/12/2017 2 822.914 PIN NIT-8401 05/27/2025 12/02/2024 04/12/2017 Book
© 2023 Central Library, National University of Sciences and Technology. All Rights Reserved.